טוען...

Nattallikalude jeevitham /

מידע ביבליוגרפי
מחבר ראשי: Karunakaran, Pattathuvila
שפה:Undetermined
יצא לאור: S.P.C.S , 1981.
LEADER 00588nam a2200145Ia 4500
001 59604
008 170722s9999 xx 000 0 und d
100 |a Karunakaran, Pattathuvila 
245 |a Nattallikalude jeevitham / 
260 |b S.P.C.S ,  |c 1981. 
300 |a 186 p.  |c 18cms 
942 |c GEN 
999 |c 99224  |d 99224 
952 |0 0  |1 0  |4 0  |6 O_3231N275X_M1KRM11  |7 0  |9 139030  |a LIB  |b LIB  |d 2017-08-12  |o O32,31N275x M1(KR)-M1;1  |p 185186  |r 2017-08-12  |v 11.50  |w 2017-08-12  |y GEN 
952 |0 1  |1 0  |4 0  |6 O_3231N275X_M1KRM11  |7 0  |9 139031  |a LIB  |b LIB  |d 2017-08-12  |o O32,31N275x M1(KR)-M1;1  |p 185187  |r 2017-08-12  |v 11.50  |w 2017-08-12  |y GEN